| 000 | 00660nam a2200253Ia 4500 | ||
|---|---|---|---|
| 003 | OSt | ||
| 005 | 20221005031939.0 | ||
| 006 | a|||||r|||| 00| 0 | ||
| 007 | ta | ||
| 008 | 221004b |||||||| |||| 00| 0 ben d | ||
| 020 | _c4.50 | ||
| 024 | _a64429 | ||
| 037 | _cTextual | ||
| 040 |
_aCRL _cCRL _bben |
||
| 041 |
_2ben _aben |
||
| 082 | _aO157,3M76,14, 31J8 | ||
| 100 | _aJayaraman A.Ki. Tr. | ||
| 245 | 0 | _aMalathi | |
| 260 |
_aChennai _bStar Pirasuram India _c1958 |
||
| 300 |
_a284p. _ccm. |
||
| 650 | _aBENGALI LITERATURE | ||
| 942 |
_hO157,3M76,14, 31J8 _cTEXL _2cc |
||
| 999 |
_c938750 _d938750 |
||